[Event "Championnat de France 2022"]
[Site "ALBI"]
[Date "2022.08.19"]
[Round "7.6"]
[White "Lucas, Arthur"]
[Black "Girel, Joseph"]
[Result "1-0"]
[WhiteElo "2367"]
[BlackElo "2403"]
[PlyCount "83"]
[EventDate "2022.??.??"]

1. e4 {2} e5 {142} 2. Nf3 {9} Nc6 {26} 3. Bc4 {42} Nf6 {72} 4. Ng5 {34} d5 {35}
5. exd5 {5} Na5 {32} 6. Bb5+ {6} c6 {25} 7. dxc6 {6} bxc6 {16} 8. Bd3 {6} Nd5 {
78} 9. Nf3 {14} Bd6 {125} 10. O-O {17} O-O {106} 11. Re1 {33} f5 {77} 12. Nxe5
{40} Qf6 {20} 13. Nf3 {34} g5 {22} 14. c4 {27} Nf4 {9} 15. Bf1 {6} g4 {44} 16.
d4 {16} gxf3 {64} 17. Qxf3 {7} Ne6 {146} 18. c5 {498} Nxd4 {35} 19. Qc3 {153}
Bc7 {6} 20. b4 {197} Rb8 {32} 21. a3 {1344} Be6 {2988} 22. Bb2 {2839} Be5 {774}
23. Kh1 {372} Nab3 {297} 24. f4 {137} Bxf4 {374} 25. Rxe6 {4} Nxe6 {49} 26.
Qxb3 {10} Be5 {29} 27. Bxe5 {283} Qxe5 {2} 28. Ra2 {7} Kh8 {151} 29. Re2 {123}
Nxc5 {110} 30. Rxe5 {32} Nxb3 {3} 31. Kg1 {30} Rbe8 {145} 32. Rxe8 {11} Rxe8
33. Kf2 {23} Nd4 {23} 34. Nd2 {26} Kg7 {71} 35. Nc4 {39} Kf6 {82} 36. g3 {25}
Re7 {131} 37. Ne3 {29} Ke5 {73} 38. Bg2 {59} f4 {78} 39. Nc4+ {18} Kf6 {63} 40.
gxf4 {20} Re2+ {19} 41. Kg3 {538} Rc2 {268} 42. Bf1 {494} 1-0

[Event "Championnat de France 2022"]
[Site "ALBI"]
[Date "2022.08.19"]
[Round "7.7"]
[White "Di Nicolantonio, Lucas"]
[Black "Rivalin, Kenny"]
[Result "*"]
[WhiteElo "2387"]
[BlackElo "2160"]
[PlyCount "183"]
[EventDate "2022.??.??"]

1. Nf3 {9} Nf6 {20} 2. c4 {12} c6 {10} 3. Nc3 {81} d5 {11} 4. e3 {70} a6 {38}
5. d4 {283} e6 {231} 6. Qc2 {414} Nbd7 {337} 7. Bd2 {275} dxc4 {291} 8. a4 {743
} c5 {306} 9. Bxc4 {358} cxd4 {387} 10. exd4 {29} Nb6 {390} 11. Bb3 {218} Nbd5
{725} 12. O-O {25} Be7 {50} 13. a5 {728} O-O {318} 14. Na4 {48} Bd7 {65} 15.
Nc5 {48} Rc8 {163} 16. Rfe1 {220} Bb5 {191} 17. Ne5 {346} Qc7 {555} 18. Rac1 {
71} b6 {182} 19. axb6 {80} Qxb6 {12} 20. Bg5 {277} Rfd8 {222} 21. Qd2 {537} Be8
{193} 22. Qd3 {547} Nb4 {74} 23. Qc4 {51} Nfd5 {123} 24. Bxe7 {82} Nxe7 {6} 25.
Qc3 {218} Nbc6 {360} 26. Nxc6 {229} Rxc6 {57} 27. Ba4 {51} Rcd6 {84} 28. Ra1 {
67} Bb5 {95} 29. Bxb5 {117} axb5 {175} 30. Ra6 {9} Qc7 {17} 31. Rxd6 {53} Rxd6
{8} 32. h3 {42} h6 {251} 33. Ra1 {8} Nf5 {24} 34. Ra8+ {47} Kh7 {77} 35. Nxe6 {
14} Qb7 {128} 36. Nf8+ {12} Kg8 {10} 37. Re8 {39} Qc6 {126} 38. Nd7+ {11} Kh7 {
8} 39. Nf8+ {4} Kg8 {6} 40. Nd7+ {102} Kh7 {12} 41. Qxc6 {204} Rxc6 {7} 42.
Nf8+ {520} Kg8 {34} 43. Nd7+ {4} Kh7 {5} 44. g4 {9} Rc1+ {282} 45. Kh2 {132}
Nd6 {17} 46. Rd8 {136} Ne4 {336} 47. Nf8+ {413} Kg8 {2} 48. Nd7+ {20} Kh7 {5}
49. f3 {374} Rc2+ {30} 50. Kg1 {3} Ng5 {512} 51. Nf8+ {15} Kg8 {6} 52. Ne6+ {66
} Kh7 {4} 53. Nxg5+ {4} hxg5 {5} 54. Rd5 {56} Rxb2 {11} 55. Rxg5 {5} b4 {70}
56. Rb5 {12} b3 {21} 57. d5 {34} Kg6 {155} 58. d6 {117} Rd2 {58} 59. Rxb3 {20}
Rxd6 {15} 60. Kf2 {24} f5 {97} 61. Rb7 {12} fxg4 {14} 62. hxg4 {3} Kf6 {33} 63.
Ke3 {47} Ra6 {12} 64. Rd7 {14} g6 {54} 65. Ke4 {30} Ke6 {63} 66. Rd5 {69} Ra4+
{272} 67. Rd4 {16} Ra5 {47} 68. f4 {83} Ra6 {96} 69. Rb4 {9} Kf6 {122} 70. Rb3
{108} Ra4+ {27} 71. Kf3 {3} Ra6 {33} 72. Kg3 {5} Rc6 {87} 73. Rb5 {18} Ra6 {52}
74. Kh4 {18} Rc6 {31} 75. Ra5 {16} Rb6 {9} 76. Ra7 {195} g5+ {194} 77. Kh5 {6}
gxf4 {14} 78. g5+ {4} Ke5 {91} 79. Re7+ {5} Kf5 {264} 80. Rf7+ {4} Ke5 {6} 81.
Kg4 {115} Rb1 {53} 82. Re7+ {29} Kd6 {10} 83. Re2 {56} Rf1 {31} 84. Kf5 {89} f3
{10} 85. Rd2+ {34} Ke7 {9} 86. Kg6 {13} Rg1 {19} 87. Rf2 {39} Rg3 {13} 88. Kf5
{34} Kf7 {12} 89. Kf4 {6} Rg2 {33} 90. Rxf3 {10} Kg6 {18} 91. Ra3 {3} Rxg5 {42}
92. Rg3 {3} *

[Event "Championnat de France 2022"]
[Site "ALBI"]
[Date "2022.08.19"]
[Round "7.8"]
[White "Gatineau, Yovann"]
[Black "Emmenecker, Pierre-Antoine"]
[Result "1/2-1/2"]
[WhiteElo "2372"]
[BlackElo "2245"]
[PlyCount "122"]
[EventDate "2022.??.??"]

1. e4 e5 {5} 2. Nf3 {16} Nc6 {5} 3. Bc4 {6} Nf6 {7} 4. d3 {6} h6 {9} 5. c3 {36}
d6 {19} 6. a4 {6} g6 {221} 7. a5 {13} Bg7 {164} 8. a6 {63} b6 {142} 9. O-O {127
} O-O {118} 10. Re1 {428} Rb8 {940} 11. Bb5 {1594} Ne7 {292} 12. d4 {58} c6 {
291} 13. dxe5 {528} dxe5 {32} 14. Qxd8 {232} Rxd8 {30} 15. Bc4 {2} Ne8 {372}
16. b4 {293} Nc7 {359} 17. Be3 {112} Be6 {870} 18. Nbd2 {93} Bxc4 {673} 19.
Nxc4 {3} f6 {13} 20. Red1 {480} Nb5 {189} 21. Kf1 {1276} Kf7 {168} 22. Rdc1 {
196} Ke6 {283} 23. Ne1 {13} f5 {91} 24. f3 {1} f4 {119} 25. Bf2 {19} Rd7 {51}
26. Ke2 {304} Rbd8 {34} 27. Ra2 {11} Nc8 {408} 28. Rd2 Ncd6 {303} 29. Nxd6 {20}
Nxd6 {38} 30. c4 {43} Ne8 {27} 31. Rxd7 {40} Rxd7 {10} 32. b5 {116} cxb5 {60}
33. cxb5 {5} Nd6 {51} 34. Rb1 {123} Rc7 {60} 35. Nd3 {21} Bf8 {33} 36. Rb2 {43}
Nc4 {36} 37. Rc2 {4} Bd6 {13} 38. Be1 {129} Na3 {47} 39. Rb2 {35} Rc2+ {32} 40.
Rxc2 {12} Nxc2 {6} 41. Bf2 {408} Bc7 {121} 42. Kd2 {280} Na3 {28} 43. Nb4 {35}
Nxb5 {308} 44. Kd3 {56} Bd6 {422} 45. Kc4 {645} Nc7 {670} 46. Nc6 {7} b5+ {287}
47. Kc3 {86} Nxa6 {89} 48. Nxa7 {19} Bb4+ {114} 49. Kc2 {44} Nc7 {48} 50. Bb6 {
335} Kd7 {47} 51. Kb3 {6} Na6 {26} 52. Nxb5 {24} Kc6 {20} 53. Nc7 {5} Bc5 {51}
54. Nxa6 {22} Kxb6 {26} 55. Kc4 {78} Be7 {31} 56. Nb4 {81} Bxb4 {21} 57. Kxb4 {
1} g5 {7} 58. Kc4 {34} Kc6 {4} 59. Kb4 {22} Kb6 {1} 60. Kc4 {6} Kc6 {3} 61. Kb4
{3} Kb6 {4} 1/2-1/2

[Event "Championnat de France 2022"]
[Site "ALBI"]
[Date "2022.08.19"]
[Round "7.9"]
[White "Mathieu, Phileas"]
[Black "Lamard, Guillaume"]
[Result "1/2-1/2"]
[WhiteElo "2320"]
[BlackElo "2512"]
[PlyCount "85"]
[EventDate "2022.??.??"]

1. e4 {32} e5 {7} 2. Nf3 {24} Nc6 {4} 3. Bb5 {2} a6 {8} 4. Ba4 Nf6 {7} 5. d3 b5
{11} 6. Bb3 Bc5 {6} 7. Nc3 {18} d6 {54} 8. Nd5 h6 {11} 9. c3 Rb8 {10} 10. h3 {
60} Nxd5 {346} 11. Bxd5 {169} Ne7 {8} 12. Bb3 {148} Bb6 {187} 13. d4 {819} exd4
{6} 14. cxd4 Ng6 {229} 15. O-O {137} O-O 16. Re1 {189} c5 17. Bd5 {1624} Re8
18. Bc6 {1380} Bd7 19. Bxd7 Qxd7 20. dxc5 {17} Bxc5 {6} 21. Be3 {59} Qb7 {79}
22. Nd2 {211} Bb4 {455} 23. a3 {358} Bxd2 24. Qxd2 {946} Rxe4 {58} 25. Qxd6 {47
} Re6 {192} 26. Qd4 {9} Rbe8 {295} 27. Rad1 {81} Ne5 {317} 28. Kf1 {80} Nc4 {44
} 29. Bd2 {578} Rxe1+ {43} 30. Bxe1 {456} f6 {81} 31. Bc3 {61} Qc6 {2} 32. Qd5+
{645} Re6 {6} 33. Qxc6 {261} Rxc6 {5} 34. Rd3 {366} Kf7 {20} 35. Ke2 {61} Ke6 {
31} 36. g3 {115} h5 {110} 37. f4 {35} Rc8 {395} 38. Kf3 {41} g6 {29} 39. Rd1 {
58} Rc6 {36} 40. Re1+ {33} Kf7 {45} 41. Bb4 {571} f5 {210} 42. b3 {203} Nb6 {84
} 43. Rd1 {55} 1/2-1/2

[Event "Championnat de France 2022"]
[Site "ALBI"]
[Date "2022.08.19"]
[Round "7.10"]
[White "Velten, Paul"]
[Black "Defromont, Benjamin"]
[Result "0-1"]
[WhiteElo "2495"]
[BlackElo "2292"]
[PlyCount "94"]
[EventDate "2022.??.??"]

1. d4 {152} d5 {13} 2. c4 {18} e6 {6} 3. Nf3 {15} c6 {304} 4. Nbd2 {58} f5 {61}
5. g3 {29} Bd6 {95} 6. Bg2 {23} Nd7 {298} 7. O-O {38} Nh6 {12} 8. b3 {99} Nf7 {
420} 9. Bb2 {178} g5 {162} 10. Ne1 {247} h5 {303} 11. Nd3 {451} h4 {300} 12. e3
{274} hxg3 {331} 13. fxg3 {84} Nf6 {275} 14. Ne5 {236} Bxe5 {475} 15. dxe5 {13}
Ng4 {11} 16. Nf3 {357} Nxe3 {151} 17. Qe2 {4} Nxf1 {161} 18. Rxf1 {4} Qb6+ {580
} 19. Kh1 {43} Bd7 {25} 20. Qd2 {109} dxc4 {473} 21. Nxg5 {72} Nh6 {67} 22. Bc3
{132} Ng4 {113} 23. h3 {76} Qe3 {135} 24. Nf3 {142} c5 {101} 25. Re1 {255} Nf2+
{254} 26. Kh2 {14} Ng4+ {28} 27. Kh1 {4} Qf2 {98} 28. Qxf2 {226} Nxf2+ {4} 29.
Kh2 {2} Ne4 {34} 30. Rxe4 {5} fxe4 {11} 31. Ng5 {4} cxb3 {91} 32. axb3 {4} e3 {
198} 33. g4 {10} Ke7 {384} 34. Kg3 {21} Bc6 {82} 35. Bxc6 {14} bxc6 {3} 36. Ne4
{4} Rab8 {63} 37. Nxc5 {6} Rb5 {30} 38. b4 {5} a5 {55} 39. bxa5 {10} Rf8 {126}
40. Nd3 {98} Rb3 {104} 41. Bb4+ {5} Rxb4 {18} 42. Nxb4 {5} e2 {6} 43. Nc2 {26}
Rf1 {10} 44. a6 {10} e1=Q+ {16} 45. Nxe1 {5} Rxe1 {3} 46. h4 {15} Rxe5 {15} 47.
h5 {4} Kf6 {15} 0-1

[Event "Championnat de France 2022"]
[Site "ALBI"]
[Date "2022.08.20"]
[Round "8.1"]
[White "Flom, Gabriel"]
[Black "Laurent-Paoli, Pierre"]
[Result "1/2-1/2"]
[WhiteElo "2406"]
[BlackElo "2298"]
[PlyCount "32"]
[EventDate "2022.??.??"]

1. d4 {2} Nf6 {42} 2. c4 {5} e6 {5} 3. Nf3 {17} b6 {135} 4. g3 {24} Bb7 {58} 5.
Bg2 {9} Bb4+ {12} 6. Bd2 {119} Be7 {7} 7. O-O {81} O-O {218} 8. Nc3 {17} c6 {7}
9. e4 {390} d5 {5} 10. e5 {108} Ne4 {29} 11. cxd5 {9} cxd5 {61} 12. h4 {29}
Nxd2 {250} 13. Qxd2 {12} Nc6 {26} 14. Qe3 {394} Ba6 {463} 15. Rfc1 {9} Rc8 {300
} 16. a3 {117} Na5 {235} 1/2-1/2

[Event "Championnat de France 2022"]
[Site "ALBI"]
[Date "2022.08.20"]
[Round "8.2"]
[White "Boyer, Mahel"]
[Black "Bacrot, Alexandre"]
[Result "1-0"]
[WhiteElo "2432"]
[BlackElo "2344"]
[PlyCount "65"]
[EventDate "2022.??.??"]

1. e4 {351} e5 {4} 2. Nf3 {20} Nf6 {4} 3. d4 {42} Nxe4 {6} 4. Bd3 {18} d5 {5}
5. Nxe5 {21} Nd7 {152} 6. Nc3 {30} Nxe5 {684} 7. dxe5 {6} Bb4 {562} 8. O-O {10}
Nxc3 {811} 9. bxc3 {6} Bxc3 {521} 10. Rb1 {4} c5 {54} 11. Bb5+ {790} Bd7 {61}
12. Qg4 {1080} g6 {291} 13. Bg5 {792} Qc7 {408} 14. Bf6 {738} Bxb5 {38} 15.
Rxb5 {11} Rf8 {74} 16. Rfb1 {376} b6 {32} 17. Qf3 {20} Ba5 {30} 18. Qxd5 {89}
Rd8 {5} 19. Bxd8 {340} Qxd8 {5} 20. Qxd8+ {8} Kxd8 {5} 21. Rxa5 {2} bxa5 {7}
22. Rb8+ {6} Ke7 {2} 23. Rxf8 {4} Kxf8 {5} 24. f4 {83} Ke7 {5} 25. Kf2 {11} Ke6
{91} 26. c4 {9} h5 {255} 27. Kf3 {44} Kf5 {30} 28. g3 {18} g5 {28} 29. h3 {14}
gxf4 {23} 30. gxf4 {4} a4 {117} 31. a3 {3} Ke6 {77} 32. Ke4 {11} f5+ {5} 33.
exf6 {13} 1-0

[Event "Championnat de France 2022"]
[Site "ALBI"]
[Date "2022.08.20"]
[Round "8.3"]
[White "Philippe, Guillaume"]
[Black "Degraeve, Remy"]
[Result "1/2-1/2"]
[WhiteElo "2392"]
[BlackElo "2419"]
[PlyCount "107"]
[EventDate "2022.??.??"]

1. c4 {4} e6 {196} 2. Nf3 {150} d5 {8} 3. g3 {225} Nf6 {53} 4. Bg2 {12} Be7 {23
} 5. O-O {129} O-O {5} 6. b3 {39} c5 {331} 7. cxd5 {137} exd5 {11} 8. d4 {9}
Nc6 {5} 9. dxc5 {306} Ne4 {417} 10. Bb2 {156} Bxc5 {77} 11. e3 {555} Bg4 {580}
12. Nc3 {350} Ng5 {942} 13. h4 {677} Nxf3+ {1850} 14. Bxf3 {18} Bh3 {439} 15.
Bg2 {846} Bxg2 {4} 16. Kxg2 {5} d4 {259} 17. Na4 {212} Be7 {171} 18. Bxd4 {139}
Nxd4 {3} 19. exd4 {698} Bf6 {4} 20. Qf3 {20} Qxd4 {19} 21. Qxb7 {409} Qxa1 {6}
22. Rxa1 {7} Bxa1 {4} 23. Nc5 {121} h6 {61} 24. Ne4 {138} Bd4 {51} 25. Nd6 {45}
Rad8 {110} 26. Qc6 {121} h5 {183} 27. b4 {99} Be5 {58} 28. Ne4 {136} g6 {201}
29. Ng5 {138} Rb8 {119} 30. b5 {60} Rb6 {17} 31. Qd5 {36} Bb2 {71} 32. a4 {20}
Rf6 {37} 33. Ne4 {166} Re6 34. Ng5 {54} Re7 {17} 35. a5 {78} Rfe8 {10} 36. Qc5
{72} Bf6 {18} 37. Nf3 {27} Kg7 {18} 38. Nd4 {59} Bxd4 {124} 39. Qxd4+ {4} Kg8 {
5} 40. a6 {50} Rb8 {80} 41. Qd6 {35} Rbe8 {206} 42. Qc5 {54} Kh7 {163} 43. Kh3
{80} Rd7 {56} 44. Qc6 {114} Ree7 {36} 45. Qa8 {206} Kg7 {101} 46. Qb8 {10} Re6
{446} 47. Qc8 {101} Rde7 {139} 48. Qc5 {51} Kf8 {132} 49. Qd4 {90} Kg8 {137}
50. b6 {403} axb6 {134} 51. Qf4 {20} Re8 {384} 52. a7 {8} Ra8 {10} 53. Qb8+ {4}
Re8 {2} 54. Qxb6 {7} 1/2-1/2

[Event "Championnat de France 2022"]
[Site "ALBI"]
[Date "2022.08.20"]
[Round "8.4"]
[White "Bournel, Antoine"]
[Black "Giroyan, Gary"]
[Result "0-1"]
[WhiteElo "2322"]
[BlackElo "2412"]
[PlyCount "102"]
[EventDate "2022.??.??"]

1. d4 {30} Nf6 {4} 2. c4 {34} g6 {5} 3. Nc3 {32} Bg7 {5} 4. e4 {44} d6 {4} 5.
Nf3 {48} O-O {11} 6. Be2 {35} e5 {11} 7. Be3 {40} Na6 {166} 8. O-O {67} c6 {38}
9. d5 {92} Ng4 {72} 10. Bg5 {40} f6 {7} 11. Bh4 {68} c5 {16} 12. a3 {89} h5 {
208} 13. h3 {169} Nh6 {108} 14. Bg3 {67} Bd7 {440} 15. Nh4 {143} Be8 {353} 16.
Qd2 {237} Kh7 {502} 17. Bd3 {561} Nf7 {177} 18. f4 {299} Bh6 {350} 19. Ne2 {435
} Nc7 {282} 20. b4 {216} a5 {2008} 21. bxc5 {79} Na6 {3} 22. cxd6 {57} Qxd6 {
137} 23. Qc3 {444} Nc5 {6} 24. Bc2 {34} b5 {108} 25. Kh1 {88} bxc4 {173} 26.
Qxc4 {274} Bd7 {37} 27. fxe5 {79} fxe5 {14} 28. Rf2 {377} Rac8 {80} 29. Qa2 {
219} Ng5 {49} 30. Rxf8 {56} Rxf8 {4} 31. Nc3 {91} Bxh3 {61} 32. gxh3 {21} Qd7 {
1} 33. Nf5 {97} gxf5 {48} 34. exf5 {31} e4 {3} 35. Rf1 {341} Rxf5 {16} 36. Qc4
{39} Rf3 {348} 37. Rxf3 {2} Qxh3+ {4} 38. Kg1 {7} Nxf3+ {47} 39. Kf2 Nd2 {287}
40. Qe2 {227} h4 {204} 41. Nxe4 {110} Qf5+ {7} 42. Kg1 {118} Ncxe4 {49} 43.
Bxe4 {10} Nxe4 {7} 44. Bxh4 {8} Qxd5 {197} 45. Qf3 a4 {559} 46. Be1 {345} Kg6 {
504} 47. Bh4 {90} Bg5 {254} 48. Be1 {43} Be7 {22} 49. Qe2 {151} Bc5+ {27} 50.
Kf1 {60} Ng3+ {9} 51. Bxg3 {6} Qh1# {2} 0-1

[Event "Championnat de France 2022"]
[Site "ALBI"]
[Date "2022.08.20"]
[Round "8.5"]
[White "Degraeve, Jean-Marc"]
[Black "Lucas, Arthur"]
[Result "1/2-1/2"]
[WhiteElo "2508"]
[BlackElo "2367"]
[PlyCount "157"]
[EventDate "2022.??.??"]

1. e4 {296} e5 {12} 2. Nf3 {30} Nf6 {10} 3. Nc3 {190} Nc6 {18} 4. Bb5 {33} Nd4
{20} 5. O-O {62} Nxb5 {50} 6. Nxb5 {7} c6 {14} 7. Nc3 {6} d6 {13} 8. d4 {54}
Qc7 {16} 9. Bg5 {109} Be7 {21} 10. a4 {10} h6 {133} 11. Bxf6 {41} Bxf6 {5} 12.
d5 {7} O-O {789} 13. Qd3 {62} Be7 {143} 14. Nd2 {91} f5 {761} 15. f3 {310} c5 {
1257} 16. Nc4 {134} Rf6 {586} 17. exf5 {581} Bxf5 {19} 18. Ne4 {14} Rf7 {256}
19. f4 {391} exf4 {277} 20. Rxf4 {8} Raf8 {89} 21. Raf1 {9} Qd7 {208} 22. b3 {
146} Bxe4 {470} 23. Qxe4 {7} Qg4 {14} 24. g3 {404} Rxf4 {31} 25. Rxf4 {8} Rxf4
{12} 26. Qxf4 {3} Qd1+ {23} 27. Kg2 {173} Qxc2+ {598} 28. Kh3 {50} Qg6 {159}
29. Qg4 {133} Qf7 {183} 30. Ne3 {314} Bg5 {107} 31. Qc8+ {42} Kh7 {8} 32. Qf5+
{39} Qg6 {1} 33. Qxg6+ {38} Kxg6 34. Nc4 {6} Kf5 {98} 35. Nxd6+ {13} Ke5 {4}
36. Nxb7 {30} Kxd5 {2} 37. Kg4 {13} g6 {97} 38. h4 {34} Be7 {25} 39. h5 {5}
gxh5+ {11} 40. Kxh5 {7} Bg5 {41} 41. Kg6 {5} Kd4 {607} 42. Nd6 {934} a6 {850}
43. g4 {515} Bf4 {115} 44. Nb7 {120} Be3 {100} 45. Kf5 {25} Kc3 {35} 46. Ke4 {4
} Bd4 {119} 47. Nd6 {555} Kxb3 {37} 48. Kd5 {2} a5 {172} 49. Nf5 {67} Bf2 {31}
50. Nd6 {237} Kb4 {50} 51. Nf7 {98} c4 {35} 52. Ne5 {4} c3 {29} 53. Nd3+ {5}
Kxa4 {30} 54. Kc4 {124} c2 {33} 55. Kc3 {6} Be3 {30} 56. Kxc2 {8} Bd4 {22} 57.
Nc1 {258} Kb4 {21} 58. Nb3 {7} Bb6 {46} 59. Nxa5 {4} Bxa5 {17} 60. Kd3 {5} Kc5
{17} 61. Ke4 {5} Kd6 {16} 62. Kf3 {5} Ke5 {6} 63. Kg2 {12} Kf4 {19} 64. Kg1 {4}
Kg3 {13} 65. Kh1 {2} Bb4 {22} 66. Kg1 {4} Ba3 {4} 67. Kh1 {4} Bb2 {3} 68. Kg1 {
4} Bg7 {128} 69. Kh1 {98} Bf8 {11} 70. Kg1 {4} Be7 {2} 71. Kh1 {4} Bd8 {2} 72.
Kg1 {5} Bc7 {3} 73. Kh1 {4} Bf4 {44} 74. Kg1 {4} Be3+ {4} 75. Kh1 {4} Bd4 {199}
76. g5 {5} h5 {14} 77. g6 {2} Bg7 {7} 78. Kg1 {2} h4 {10} 79. Kh1 {5} 1/2-1/2

[Event "Championnat de France 2022"]
[Site "ALBI"]
[Date "2022.08.20"]
[Round "8.6"]
[White "Duboue, Peio"]
[Black "Defromont, Benjamin"]
[Result "1/2-1/2"]
[WhiteElo "2443"]
[BlackElo "2292"]
[PlyCount "64"]
[EventDate "2022.??.??"]

1. e4 {2} e5 {14} 2. Nf3 {6} Nc6 {8} 3. d4 {6} exd4 {17} 4. Bc4 {6} Bc5 {170}
5. c3 {11} Nf6 {8} 6. e5 {11} d5 {18} 7. Bb5 {5} Ne4 {12} 8. cxd4 {4} Bb6 {31}
9. Nc3 {7} O-O {18} 10. Be3 {3} Bg4 {97} 11. h3 {107} Bh5 {9} 12. Qc2 {34} Ba5
{286} 13. O-O {123} Bxf3 {674} 14. gxf3 {14} Nxd4 {40} 15. Bxd4 {5} Qg5+ {49}
16. Kh1 {6} Bxc3 {33} 17. bxc3 {4} Qf5 {12} 18. Rfc1 {13} Qxh3+ {67} 19. Kg1 {4
} Ng5 {21} 20. Be2 {6} Nxf3+ {17} 21. Bxf3 {4} Qxf3 {10} 22. Qd1 {8} Qf5 {19}
23. Kg2 {82} f6 {655} 24. Bc5 {652} fxe5 {697} 25. Qxd5+ {107} Kh8 {35} 26.
Bxf8 {750} Rxf8 {48} 27. Qc5 {25} Qg6+ {359} 28. Kf1 {74} Qd3+ {9} 29. Kg1 {545
} Qg6+ {1916} 30. Kf1 {13} Qd3+ {7} 31. Kg2 {322} Qg6+ {109} 32. Kf1 {23} Qd3+
{15} 1/2-1/2

[Event "Championnat de France 2022"]
[Site "ALBI"]
[Date "2022.08.20"]
[Round "8.7"]
[White "Rivalin, Kenny"]
[Black "Stephan, Victor"]
[Result "1-0"]
[WhiteElo "2160"]
[BlackElo "2394"]
[PlyCount "71"]
[EventDate "2022.??.??"]

1. e4 {33} c5 {82} 2. Nf3 {11} d6 {7} 3. Bb5+ {16} Bd7 {105} 4. Bxd7+ {7} Nxd7
{9} 5. O-O {7} Ngf6 {6} 6. Qe2 {12} Rc8 {64} 7. c3 {27} e6 {88} 8. d4 {12} cxd4
{35} 9. cxd4 {15} d5 {11} 10. e5 {20} Ne4 {21} 11. Be3 {39} Be7 {165} 12. Ne1 {
57} f5 {82} 13. f3 {60} Ng5 {58} 14. Nd3 {133} O-O {274} 15. Nc3 {149} Nf7 {342
} 16. g3 {548} Qb6 {497} 17. Rac1 {789} Bg5 {383} 18. Bxg5 {1667} Nxg5 {11} 19.
Qe3 {17} h6 {880} 20. Ne2 {342} Nf7 {189} 21. h4 {161} Rfe8 {322} 22. Kg2 {179}
Qa5 {277} 23. Nef4 {159} Rxc1 {230} 24. Rxc1 {19} Nb6 {228} 25. Nc5 {255} Qxa2
{295} 26. Qc3 {319} Nd8 {242} 27. Qb4 {466} Kf7 {187} 28. Nxb7 {64} Nxb7 {82}
29. Rc7+ {4} Kg8 {8} 30. Rxb7 {37} Qa6 {186} 31. Re7 {62} Rc8 {157} 32. Rxg7+ {
126} Kh8 {99} 33. Ng6+ {151} Kxg7 {1} 34. Qe7+ {6} Kxg6 {42} 35. h5+ {6} Kxh5 {
6} 36. Qf7+ {4} 1-0

[Event "Championnat de France 2022"]
[Site "ALBI"]
[Date "2022.08.20"]
[Round "8.8"]
[White "Emmenecker, Pierre-Antoine"]
[Black "Di Nicolantonio, Lucas"]
[Result "0-1"]
[WhiteElo "2245"]
[BlackElo "2387"]
[PlyCount "56"]
[EventDate "2022.??.??"]

1. e4 g6 {24} 2. d4 {23} Bg7 {5} 3. Nc3 {96} d6 {6} 4. Be3 {15} a6 {20} 5. Qd2
{307} b5 {47} 6. h4 {201} h6 {473} 7. f3 {170} Nd7 {82} 8. O-O-O {232} Bb7 {38}
9. Kb1 {176} Rc8 {188} 10. g4 {466} c5 {48} 11. dxc5 {201} Nxc5 {62} 12. Bd4 {
295} Bxd4 {271} 13. Qxd4 {1} Nf6 {10} 14. Nh3 {534} Qc7 {1476} 15. Bg2 {833}
Ne6 {533} 16. Qd2 {16} b4 {46} 17. Ne2 {70} d5 {635} 18. g5 {1515} dxe4 {156}
19. gxf6 {7} exf3 {8} 20. Nef4 {47} fxg2 {579} 21. Rhe1 {197} O-O {64} 22. fxe7
{441} Qxe7 {39} 23. Nxe6 {124} fxe6 {5} 24. Qxh6 {8} Qg7 {52} 25. Qe3 {169} Rf3
{136} 26. Qxe6+ {12} Qf7 {2} 27. Qg4 {80} Rf1 {65} 28. h5 {13} Re8 {18} 0-1

[Event "Championnat de France 2022"]
[Site "ALBI"]
[Date "2022.08.20"]
[Round "8.9"]
[White "Durand-Le Ludec, Brendan-Budok"]
[Black "Gatineau, Yovann"]
[Result "1/2-1/2"]
[WhiteElo "2217"]
[BlackElo "2372"]
[PlyCount "104"]
[EventDate "2022.??.??"]

1. e4 {25} c5 {230} 2. Nf3 {25} d6 {6} 3. d4 {13} cxd4 {7} 4. Nxd4 {3} Nf6 {8}
5. Nc3 {4} a6 {4} 6. Be2 {50} e5 {46} 7. Nf3 {14} Be7 {34} 8. Bg5 {15} Be6 {35}
9. Bxf6 {23} Bxf6 {9} 10. Nd2 {6} O-O {1191} 11. Nc4 {52} Be7 {53} 12. Nd5 {148
} Nc6 {762} 13. Ncb6 {173} Rb8 {105} 14. c3 {58} f5 {390} 15. exf5 {132} Bxf5 {
10} 16. Bg4 {74} Qe8 {151} 17. Bxf5 {400} Rxf5 {29} 18. Ne3 {40} Rf8 {63} 19.
Qd5+ {171} Kh8 {36} 20. O-O {104} Rd8 {51} 21. Qe6 {318} Qh5 {538} 22. Rad1 {
587} Bg5 {460} 23. Nbd5 {926} Bf4 {471} 24. g3 {36} Bh6 {61} 25. Qg4 {283} Qf7
{33} 26. Qe4 {101} Bxe3 {233} 27. Qxe3 {99} Nd4 {503} 28. cxd4 {262} Qxd5 {2}
29. dxe5 {30} Qxe5 {30} 30. Qxe5 {276} dxe5 31. Rfe1 {31} h6 {496} 32. Kf1 {30}
Rxd1 {84} 33. Rxd1 {1} Rc8 {17} 34. Rd6 {122} Rc1+ {139} 35. Kg2 {37} Rc2 {34}
36. Rb6 {23} e4 {8} 37. Kf1 {27} e3 {58} 38. fxe3 {23} Rxh2 {2} 39. a4 {76} a5
{189} 40. Rxb7 {28} Kh7 {18} 41. Rb5 {87} Kg6 {274} 42. b3 {229} Rb2 {12} 43.
g4 {35} Kf6 {271} 44. Rxa5 {300} Rxb3 {12} 45. Ke2 {14} g6 {387} 46. Rc5 {158}
Rb4 {81} 47. g5+ {44} hxg5 {20} 48. a5 {18} Ra4 {61} 49. Kf3 {72} g4+ {159} 50.
Kg3 {29} Ra3 {7} 51. Kxg4 {128} Rxe3 {19} 52. Rc4 {15} Ra3 {7} 1/2-1/2

[Event "Championnat de France 2022"]
[Site "ALBI"]
[Date "2022.08.20"]
[Round "8.10"]
[White "Macon, Arthur"]
[Black "Kuhn, Clement"]
[Result "1/2-1/2"]
[WhiteElo "2323"]
[BlackElo "2273"]
[PlyCount "73"]
[EventDate "2022.??.??"]

1. c4 {14} Nf6 {39} 2. g3 {48} g6 {42} 3. Bg2 {49} Bg7 {24} 4. Nc3 {43} O-O {61
} 5. Nf3 {293} d6 {33} 6. O-O {107} c6 {28} 7. d3 {236} e5 {121} 8. Rb1 {135}
a5 {144} 9. a3 {67} Na6 {99} 10. b4 {230} axb4 {69} 11. axb4 {268} Nc7 {62} 12.
b5 {265} Ne6 {207} 13. bxc6 {314} bxc6 14. Bd2 {354} Ra6 {1014} 15. Qc1 {398}
Re8 {245} 16. Ng5 {438} Nd4 {646} 17. e3 {176} Ne6 {40} 18. Nxe6 {267} Bxe6 {15
} 19. Qc2 {199} d5 {607} 20. cxd5 {95} cxd5 {43} 21. Rfc1 {224} d4 {939} 22.
exd4 {129} exd4 {68} 23. Ne4 {69} Nxe4 {177} 24. Bxe4 {49} Ra2 {2} 25. Rb2 {84}
Rxb2 {16} 26. Qxb2 {7} Bd5 {64} 27. Bxd5 {107} Qxd5 {1} 28. Re1 {60} Ra8 {148}
29. Ra1 {160} Rxa1+ {89} 30. Qxa1 Qf3 {154} 31. Qb1 {248} h5 {88} 32. h4 {358}
Be5 {135} 33. Bg5 {64} Qc6 {705} 34. Qe1 {124} f6 {78} 35. Bd2 {250} Qf3 {11}
36. Qb1 {9} Qc6 {20} 37. Bg5 {2} 1/2-1/2